| 000 | 00578nam a22002177a 4500 | ||
|---|---|---|---|
| 005 | 20151223093137.0 | ||
| 008 | 041019s2006 maua 001 0 eng | ||
| 020 | _a0072978473 | ||
| 041 | 0 | _aeng | |
| 080 | _a004 | ||
| 100 | 1 | _aNorton, Peter. | |
| 245 | 1 | 0 | _aPeter Norton's computing fundamentals. |
| 246 | 3 | 0 | _aComputing fundamentals |
| 250 | _a6th ed. | ||
| 260 |
_aBoston, Mass. : _bMcGraw-Hill Technology Education, _c2006. |
||
| 300 |
_a576 f. : _bme il.; _c28 cm. |
||
| 505 | _aIndex: f. 563 - 576 | ||
| 650 | 0 | _aKompjuterat | |
| 650 | 0 | _aSoftveri | |
| 942 |
_2udc _cBK |
||
| 999 |
_c770 _d770 |
||